| 000 | 01074nam a2200205Ia 4500 | ||
|---|---|---|---|
| 003 | Ost | ||
| 005 | 20260507075633.0 | ||
| 008 | 260507s9999||||xx |||||||||||||| ||und|| | ||
| 040 | _cfsecg | ||
| 041 | _aara | ||
| 082 | _a341.8 | ||
| 100 |
_aخالد، هشام _eمؤلف |
||
| 245 | 0 |
_aالعقود الدولية وخضوعها للقواعد الموضوعية / _c هشام خالد |
|
| 260 |
_aالإسكندرية: _bدار الفكر الجامعي, _c2001 |
||
| 300 |
_a74 صفحة؛ _c24 سم |
||
| 520 | _aيتناول هذا الكتاب : نشأة القواعد الموضوعية في العصور القديمة ، مرحلة الحضارات القديمة ، القواعد الموضوعية في مرحلة الإمبراطورية الرومانية ، ماهية القواعد الموضوعية وعوامل ظهورها ، مصادر قواعد الموضوعية ، منهج القواعد الموضوعية | ||
| 653 | _aالقانون الدولي الخاص | ||
| 653 | _aالقانون الدولى-التاريخ | ||
| 942 | _cكتاب | ||
| 999 |
_c45248 _d45248 |
||